Pays enclavés sans littoral - Statistiques

Statistiques générales
  • Ce quiz a été pris 239 fois
    207 depuis la dernière actualisation
  • Le résultat moyen est 36 sur 42
Statistiques - réponses
Réponse Continent % Correct
Andorre Europe
94%
Bolivie Amérique
94%
Népal Asie
94%
Slovaquie Europe
94%
Liechtenstein Europe
93%
Paraguay Amérique
93%
Suisse Europe
93%
Autriche Europe
92%
République Tchèque Europe
91%
Hongrie Europe
90%
Tchad Afrique
90%
Lesotho Afrique
89%
Mali Afrique
89%
Serbie Europe
89%
Zimbabwe Afrique
89%
Mongolie Asie
88%
Niger Afrique
88%
Tadjikistan Asie
88%
Vatican Europe
88%
Bhoutan Asie
87%
Moldavie Europe
87%
Rwanda Afrique
87%
Zambie Afrique
87%
Biélorussie Europe
86%
Kirghizistan Asie
86%
Macédoine du Nord Europe
86%
République Centrafricaine Afrique
86%
Saint-Marin Europe
86%
Afghanistan Asie
85%
Kosovo Europe
85%
Luxembourg Europe
84%
Botswana Afrique
83%
Ouzbékistan Asie
81%
Soudan du Sud Afrique
81%
Arménie Asie
80%
Eswatini Afrique
80%
Burundi Afrique
79%
Burkina Faso Afrique
78%
Ouganda Afrique
78%
Laos Asie
77%
Malawi Afrique
77%
Ethiopie Afrique
72%
Aucun quiz correspondant
Distribution des résultats
% des personnes avec chaque résultat
Percentile par nombre de réponses
Votre historique - résultats
Vous n’avez pas pris ce quiz depuis la dernière actualisation